00651 2200229 4500001002100000005001500021035002000036007000300056008004100059020002200100082001400122084002000136100002100156245007600177260004400253300003400297650002100331700001900352520002600371990001200397990001200409INLIS00000000000155420180213032746 a0010-0218000149ta180213 g 0 ind  a978-602-02-8566-5 a001.642 5 a001.642 5 YUD j0 aYUDHY, Wicaksono1 aJago Membuat Grafik Menggunakan Excel /cYudhy Wicaksono, Solusi Kantor aJakarta :bElex Media Komputindo,c2016 ax, 193 hlm. :bilus. ;c21 cm aPROGRAM KOMPUTER0 aSOLUSI, Kantor abibliografi: hlm. 193 a16391 a a16391 b